Einführung in die Differentialtopologie

Enregistré dans:
Détails bibliographiques
Auteur principal: Bröcker, Th (Auteur)
Format: Livre
Langue:allemand
Publié: Berlin : Springer, 1973
Tags: Ajouter un tag
Pas de tags, Soyez le premier à ajouter un tag!

MARC

LEADER 00000nam a22000003a 4500
001 stu225965
005 20190206105144.4
008 110526s1973------------------------ger-d
040 |a STU  |b slo 
041 0 |a ger 
080 |a 513.83 
100 1 |a Bröcker, Th.  |4 aut 
245 1 |a Einführung in die Differentialtopologie 
260 |a Berlin :  |b Springer,  |c 1973 
300 |a 168 s 
996 |b E35415  |c E*35415  |l EE03  |s P  |a 0  |w stu225965_0001